| 000 | 00492nam a22001577a 4500 | ||
|---|---|---|---|
| 020 | _a9781138748118 | ||
| 040 | _cNUST | ||
| 082 | _a610.28 BIO | ||
| 100 |
_a Bronzino, Joseph D. _959015 |
||
| 110 |
_aPeterson, Donald.R _999856 |
||
| 245 | _aBiomedical Signals, Imaging, and Informatics | ||
| 250 | _a4th Edition | ||
| 260 |
_aBoca Raton: _bCRC Press, _c2015. |
||
| 650 |
_aDiagnostic Imaging.Signal Processing, Computer Assisted.Medical Informatics.NUSTTB2022 _9102876 |
||
| 942 |
_2ddc _cBK |
||
| 999 |
_c591374 _d591374 |
||